LEADER 00818cam1 2200265 450 001 E600200071661 005 20110217160638.0 100 $a20110217f0000 |||||ita|0103 ba 101 $aita 102 $aIT 200 1 $aOpere$fMarguerite Yourcenar 210 $aMilano$cGruppo Editoriale Fabbri 215 $av.$d18 cm 225 2 $aClassici Bompiani 300 $a(cv) 410 1$1001LAEC00019842$12001 $a*Classici Bompiani 463 1$1001E600200071662$12000 $a1 : Romanzi e racconti 463 1$1001E600200071663$12000 $a2 : Saggi e memorie : premessa all'edizione francese 700 1$aYourcenar$b, Marguerite$3AF00014244$4070$0204116 801 0$aIT$bUNISOB$c20110217$gRICA 912 $aE600200071661 940 $aM 102 Monografia moderna SBN 941 $aM 996 $aOpere$9972215 997 $aUNISOB